000 00545nam a2200157 a 4500
001 000039306
005 20201002031604.0
008 130621s2012 dr 000 0 spa d
040 _aDO-SdBNP
_bspa
_cBNPHU
100 1 _aCruz Hernández, Miguel Ángel de la
_965501
245 1 0 _aMuertos con vida :
_bMiguel Ángel de la Cruz Hernández.
260 _a[Santo Domingo] :
_b[s.n.],
_c[2012].
300 _a119 p. ;
_c22 cm.
500 _aIncluye datos biográficos del autor en la
500 _aIncluye datos biográficos del autor en la antecubierta
999 _c38796
_d38796